| АИС "Историко-культурное наследие Беларуси" | ||
| Базовый | Расширенный | Профессиональный | Словарь персоналий | Тематический словарь | По видам объектов | История запросов Заказы | Регистрация | |
Запись в MARC-формате
| копировать MARC-запись |
=LDR 00000nx\\c2200253\\\45\\
=001 BY-NLB-ar3312781
=005 20160330095632.8
=100 \\$a20091123arusy50\\\\\\ca0
=152 \\$apsbo
=160 \\$ae-bw
=215 \\$aКостел Благовещения Наисвятейшей Девы Марии (Вишнево, деревня; Воложинский район)
=300 1\$aПамятник архитектуры раннего барокко с элементами ренессанса. Построен в 1637–1641 гг. из кирпича на месте деревянного храма, основанного в 1424 г. В 1777 и 1906 гг. перестраивался.
=356 \\$aНаходится в д. Вишнево, на берегу р. Ольшанка.
=415 \\$aВишневский костел Марии
=415 \\$aКостел посещения Наисвятейшей Панны Марии (Вишнево, деревня; Воложинский район)
=515 \\$5w$3BY-NLB-ar3312785$aКасцёл Дабравешчання Найсвяцейшай Дзевы Марыі (Вішнева, вёска; Валожынскі раён)
=801 \0$aBY$bBY-HM0000$c20091123
=810 \\$aКаталіцкія храмы Беларусі / А. М. Кулагін. — Мінск, 2008.
=810 \\$aКаталіцкія храмы на Беларусі : энцыклапедычны даведнік / А. М. Кулагін. — Мінск, 2000.
=810 \\$aРеспублика Беларусь : энциклопедия. [В 7 т.]. Т. 2. — Минск, 2006.
=810 \\$aТуристская энциклопедия Беларуси. — Минск, 2007.
=810 \\$aБеларуская энцыклапедыя. У 18 т. Т. 4. — Мінск, 1997.
=810 \\$aПасвячэнне крыніцы ў Вішневе / ксёндз-магістр Уладыслаў Завальнюк // Голас душы : Штотыдн. хрысціян. бюл. / Заснав.: Грамад. аб'яд-не "Хрысціян. т-ва міласэрднасці". ― Мінск, 2009. ― № 40. ― С. 1―2.
=999 \\$f1848$t20091123
Чтобы вернуться назад, щелкните кнопку BACK на Вашем браузере